000 00465nam a2200193Ia 4500
999 _c45960
_d45960
001 12789
003 GE_BSU
005 20260220135415.0
008 181216s1999||||enk|||||||||||||| ||eng||
020 _a0340689382x
040 _cGE_BSU
041 _aeng
080 _a821.111-312.4 C-88
100 _aCregan, Conor.
_926943
245 _aFirst Strike.
_cCregan,Conor.
264 _aLondon:
_bCoronet Books,
_c1999.
300 _a312 p;
_b18 cm.
942 _cBK
_2udc